| 000 | 00555nam a2200157 i 4500 | ||
|---|---|---|---|
| 001 | 20204 | ||
| 003 | ES-MaACL | ||
| 005 | 20230906152244.0 | ||
| 007 | t| | ||
| 008 | 021108s1890 sp |||| | spa d | ||
| 245 | 0 | 0 |
_aAguas minerales naturales gaseadas y aguas oxigenadas artificiales en bebidas gaseosas _b: de la Casa del Contrabandista en el Parque de Madrid (Retiro). |
| 260 |
_aMadrid : _bInstituto de Vacunación, _c1890 ( _eTip. de El Resumen) |
||
| 300 |
_a24 p. ; _c21 cm. |
||
| 650 | 4 |
_aBebidas gaseosas. _9150010 |
|
| 852 |
_aES-MaACL _jT-560-F-5 |
||
| 999 |
_c20204 _d20204 |
||